000 00717nam a2200229Ia 4500
003 OSt
005 20220925215258.0
006 a|||||r|||| 00| 0
007 ta
008 220923b |||||||| |||| 00| 0 eng d
037 _cGeneral Book
040 _aRTL
_cRTL
_beng
041 _2eng
_aeng
082 _aX61.1,h0aV1(X), M4
100 _aKillick Tony Ed.
245 0 _aQuest for economic stabilisation
_b The Internation
260 _aLondon
_bHeinemann Educational Books U. K.
_c1984
300 _axii, 340p. Bibliography p.321-31
_ccm.
650 _aEconomics-Money-International
_9232453
942 _hX61.1,h0aV1(X), M4
_cGB
_2CC
999 _c568333
_d568333